Statistiques concernant Focus sur: Nienor - Tolkien

Cliquez ici pour prendre le quiz!

Statistiques générales

  • Ce quiz a été pris 5 fois
  • Le résultat moyen est 8 sur 15

Statistiques - réponses

Informations recherchéesRéponses% Correct
Couleur des cheveuxDoré
100%
EspèceHomme
100%
Première apparitionLe Silmarillion
100%
Ages durant lequel elle vécutPremier
100%
PèreHúrin
60%
EpouxTúrin
60%
FrèreTúrin
60%
Royaumes et contréesDoriath
40%
Dor-lómin (Hithlum)
40%
SœurLalaith
40%
Maison (lignée)Maison de Hador
40%
CitéMenegroth
20%
MèreMorwen
20%
Autres nomsNíniel
20%
Deuil
0%

Distribution des résultats

Percentile par nombre de réponses

% des personnes avec chaque résultat

Votre développement - résultats

Vous n’avez pas pris ce quiz